| Tag |
First Indicator |
Second Indicator |
Subfields |
| LEADER |
00000pam a2200000 a 4500 |
| 001 |
in00002004451 |
| 005 |
20151031131402.0 |
| 008 |
040213s2004 nyua b 001 0 eng |
| 010 |
|
|
|a 2004042496
|
| 020 |
|
|
|a 0805073965
|
| 035 |
|
|
|a (OCoLC)ocm54461977
|
| 040 |
|
|
|a DLC
|c DLC
|d UtOrBLW
|
| 043 |
|
|
|a n-us-va
|
| 049 |
|
|
|a TXAM
|
| 050 |
0 |
0 |
|a E241.Y6
|b K48 2004
|
| 082 |
0 |
0 |
|a 973.3/37
|2 22
|
| 100 |
1 |
|
|a Ketchum, Richard M.,
|d 1922-2012.
|
| 245 |
1 |
0 |
|a Victory at Yorktown :
|b the campaign that won the Revolution /
|c Richard M. Ketchum.
|
| 250 |
|
|
|a 1st ed.
|
| 264 |
|
1 |
|a New York :
|b Henry Holt,
|c [2004]
|
| 264 |
|
4 |
|c ©2004
|
| 300 |
|
|
|a x, 350 pages :
|b illustrations ;
|c 25 cm.
|
| 336 |
|
|
|a text
|b txt
|2 rdacontent
|
| 337 |
|
|
|a unmediated
|b n
|2 rdamedia
|
| 338 |
|
|
|a volume
|b nc
|2 rdacarrier
|
| 504 |
|
|
|a Includes bibliographical references (pages [321]-327) and index.
|
| 651 |
|
0 |
|a Yorktown (Va.)
|x History
|y Siege, 1781.
|
| 945 |
|
|
|i PromptCat
|
| 948 |
|
|
|a cataloged
|b h
|c 2004/11/10
|d c
|e dmitchel
|f 10:20:30 am
|
| 994 |
|
|
|a 92
|b TXA
|
| 999 |
|
|
|a MARS
|
| 999 |
f |
f |
|s ba6b50b6-e89d-30ed-b69d-aaed79c2c95a
|i e9ad076b-de68-3b63-accb-a7c1ebc76cae
|t 0
|
| 952 |
f |
f |
|p normal
|a Texas A&M University
|b College Station
|c Sterling C. Evans Library
|d Evans: Library Stacks
|t 0
|e E241.Y6 K48 2004
|h Library of Congress classification
|i unmediated -- volume
|m A14831616051
|
| 998 |
f |
f |
|a E241.Y6 K48 2004
|t 0
|l Evans: Library Stacks
|